UBT Library

The North Atlantic Treaty Organization : (Record no. 465)

000 -LEADER
fixed length control field 00771nam a22001937a 4500
008 - FIXED-LENGTH DATA ELEMENTS--GENERAL INFORMATION
fixed length control field 140523b xxu||||| |||| 00| 0 eng d
041 0# - LANGUAGE CODE
Language code of text/sound track or separate title eng
080 ## - UNIVERSAL DECIMAL CLASSIFICATION NUMBER
Universal Decimal Classification number 355/359
Common auxiliary subdivision (035)
110 ## -
-- North Atlantic Treaty Organization.
245 10 - TITLE STATEMENT
Title The North Atlantic Treaty Organization :
Statement of responsibility, etc the North Atlantic Treaty Organization.
246 30 - VARYING FORM OF TITLE
Title proper/short title NATO hand book
250 ## -
-- 6th ed.-<12th ed.>
260 ## -
-- Paris, France :
-- The Organization,
-- 1953.
300 ## -
-- 403 f.:
-- me il.;
-- 21 cm.
650 #0 -
-- Organizata e Traktatit të Atlantikut të Veriut
-- Botim periodik
710 2# -
-- Organizata e Traktatit të Atlantikut të Veriut
-- Shërbime të informimit
710 2# -
-- Organizata e Traktatit të Atlantikut të Veriut
-- Dvizioni i informacionit
942 ## - ADDED ENTRY ELEMENTS (KOHA)
Source of classification or shelving scheme
Item type Books
Holdings
Withdrawn status Lost status Source of classification or shelving scheme Damaged status Not for loan Collection code Permanent location Current location Shelving location Date acquired Total Checkouts Full call number Barcode Date last seen Koha item type
          Koleksioni i përgjithshem UBT - Prishtine UBT - Prishtine Koleksioni i përgjithshem 05/23/2014   355/359 (035) NAT 001-000569 05/23/2014 Books
          Koleksioni i përgjithshem UBT - Prishtine UBT - Prishtine Koleksioni i përgjithshem 05/23/2014   355/359 (035) NAT 001-000568 05/23/2014 Books
          Koleksioni i përgjithshem UBT - Prishtine UBT - Prishtine Koleksioni i përgjithshem 05/23/2014   355/359 (035) NAT 001-000567 05/23/2014 Books
UBT Library © 2015-2024. All rights reserved University Education for Business and Technology